[Event "SWE-chT2 0809"]
[Site "Sweden"]
[Date "2009.03.15"]
[Round "9"]
[White "Hanninger, Simon"]
[Black "Tolen, Michael"]
[Result "1/2-1/2"]
[WhiteElo "2289"]
[BlackElo "1884"]
[PlyCount "43"]
[EventDate "2008.10.25"]
[EventType "team-tourn"]
[EventRounds "9"]
[EventCountry "SWE"]
[SourceTitle "EXT 2011"]
[Source "ChessBase"]
[SourceDate "2010.11.26"]
[SourceVersion "1"]
[SourceVersionDate "2010.11.26"]
[SourceQuality "1"]

1. e4 e5 2. Bc4 Nf6 3. d4 exd4 4. Nf3 Be7 5. e5 Ne4 6. Qxd4 Ng5 7. Nxg5 Bxg5 8. Bxg5 Qxg5 9. 0-0 0-0 10. f4 Qg6 11. Nc3 Nc6 12. Qd2 Ne7 13. Kh1 Rd8 14. Rae1 Qc6 15. Bb3 d5 16. exd6 Rxd6 17. Nd5 Nxd5 18. Bxd5 Be6 19. Bxc6 Rxd2 20. Bxb7 Rb8 21. Be4 f5 22. Bc6 1/2-1/2